[Event "TUN-ch"]
[Site "Hammam Sousse"]
[Date "2020.01.21"]
[Round "5"]
[White "Hmam, Mohamed"]
[Black "Jabloun, Bilel"]
[Result "0-1"]
[WhiteElo "2038"]
[BlackElo "2013"]
[PlyCount "100"]
[EventDate "2020.01.18"]
[EventType "tourn"]
[EventRounds "11"]
[EventCountry "TUN"]
[SourceTitle "EXT 2021"]
[Source "ChessBase"]
[SourceDate "2020.10.23"]
[SourceVersion "1"]
[SourceVersionDate "2020.10.23"]
[SourceQuality "1"]

1. Nf3 d5 2. e3 c5 3. b3 Nc6 4. Bb2 Nf6 5. d4 Bf5 6. Be2 e6 7. 0-0 Bd6 8. a3 0-0 9. Nbd2 Ng4 10. h3 Nh6 11. Ne5 cxd4 12. exd4 Rc8 13. c4 Ne7 14. Rc1 Bb8 15. c5 Qc7 16. f4 f6 17. Ng4 Kh8 18. Nxh6 gxh6 19. g4 Rg8 20. Kh1 h5 21. gxf5 Nxf5 22. Rf3 Rg7 23. Bd3 Ng3+ 24. Kh2 h4 25. Rf2 Rcg8 26. Qf3 Qf7 27. Rg1 Nh5 28. Rg4 Nxf4 29. Kh1 Nxh3 30. Rxg7 Qxg7 31. Rg2 Qxg2+ 32. Qxg2 Rxg2 33. Kxg2 Nf4+ 34. Kf3 Nxd3 35. Bc3 h3 36. Nf1 Kg7 37. b4 Kg6 38. Bd2 h5 39. b5 h4 40. Be3 e5 41. Bg1 Kg5 42. Be3+ Kf5 43. Bg1 e4+ 44. Ke2 Ke6 45. Bh2 Bxh2 46. Nxh2 f5 47. a4 f4 48. a5 Kd7 49. Ng4 Kc8 50. Nh2 Nc1+ 0-1

[Event "TUN-ch"]
[Site "Hammam Sousse"]
[Date "2020.01.18"]
[Round "1"]
[White "Hmam, Mohamed"]
[Black "Ben Brahem, Aymen"]
[Result "0-1"]
[WhiteElo "2038"]
[BlackElo "2078"]
[PlyCount "118"]
[EventDate "2020.01.18"]
[EventType "tourn"]
[EventRounds "11"]
[EventCountry "TUN"]
[SourceTitle "EXT 2021"]
[Source "ChessBase"]
[SourceDate "2020.10.23"]
[SourceVersion "1"]
[SourceVersionDate "2020.10.23"]
[SourceQuality "1"]

1. d4 d5 2. Nf3 Nf6 3. c4 e6 4. Nc3 Nbd7 5. Bf4 c6 6. e3 Be7 7. h3 0-0 8. Qc2 Qa5 9. Nd2 Re8 10. Bd3 Nf8 11. 0-0 Ng6 12. Bh2 Qd8 13. c5 Nd7 14. b4 Bf8 15. Nf3 Qf6 16. Bxg6 Qxg6 17. Qxg6 hxg6 18. a4 f6 19. Rfb1 b6 20. Nd2 bxc5 21. bxc5 e5 22. Nb3 a5 23. Rb2 Be7 24. Rab1 Bd8 25. Bg3 Ba6 26. Nc1 Bc7 27. Kh2 Rab8 28. f3 Rxb2 29. Rxb2 Rb8 30. Rxb8+ Bxb8 31. Nb3 Bc7 32. Kg1 Bc4 33. Nc1 exd4 34. Bxc7 dxc3 35. Bxa5 Nxc5 36. Bxc3 Nxa4 37. Ba1 Kf7 38. Kf2 Ke6 39. g4 g5 40. Kg3 Nc5 41. h4 gxh4+ 42. Kxh4 g6 43. Kg3 Nd7 44. Kf2 Ne5 45. Kg3 c5 46. f4 Nc6 47. Kf3 d4 48. exd4 cxd4 49. Ke4 f5+ 50. gxf5+ gxf5+ 51. Kf3 Kd5 52. Bb2 Nb4 53. Ba3 Nc2 54. Bb2 Kc5 55. Ne2 Ne1+ 56. Kg3 Bxe2 57. Ba3+ Kc4 58. Kf2 Nd3+ 59. Kxe2 Nxf4+ 0-1

[Event "TUN-ch"]
[Site "Sousse"]
[Date "2019.05.13"]
[Round "8"]
[White "Jmila, Omar"]
[Black "Hmam, Mohamed"]
[Result "1/2-1/2"]
[WhiteElo "2100"]
[BlackElo "2051"]
[PlyCount "94"]
[EventDate "2019.05.06"]
[EventType "tourn"]
[EventRounds "11"]
[EventCountry "TUN"]
[SourceTitle "CBM 190 Extra"]
[Source "ChessBase"]
[SourceDate "2019.07.15"]
[SourceVersion "1"]
[SourceVersionDate "2019.07.15"]
[SourceQuality "1"]

1. Nf3 d5 2. c4 d4 3. e3 c5 4. b4 dxe3 5. fxe3 cxb4 6. a3 bxa3 7. Bxa3 Nf6 8. Nc3 Nc6 9. d4 e6 10. Bxf8 Kxf8 11. d5 exd5 12. cxd5 Nb4 13. Bc4 Qb6 14. Qd2 Qc5 15. Bb3 a5 16. 0-0 Bd7 17. Kh1 Re8 18. e4 Ng4 19. Rae1 h6 20. e5 Bf5 21. Nd4 Nd3 22. Ncb5 Bg6 23. Re2 Kg8 24. e6 fxe6 25. dxe6 Kh7 26. h3 Nge5 27. Bc2 Rhf8 28. Rxf8 Rxf8 29. Qxa5 Nc6 30. Qc7 Nxd4 31. Qxc5 Nxc5 32. Nxd4 Re8 33. e7 Bxc2 34. Rxc2 Ne4 35. Rc7 Kg6 36. Rxb7 Kf6 37. Rb6+ Ke5 38. Nc6+ Kd6 39. Nd4+ Kc5 40. Rg6 Kxd4 41. Rxg7 Ke5 42. Rh7 Ng3+ 43. Kh2 Nf5 44. g4 Rxe7 45. Rh8 Ne3 46. Rxh6 Kf4 47. Rf6+ Ke5 1/2-1/2

[Event "TUN-ch"]
[Site "Sousse"]
[Date "2019.05.11"]
[Round "6"]
[White "Boudriga, Mohamed Ali"]
[Black "Hmam, Mohamed"]
[Result "1/2-1/2"]
[WhiteElo "2340"]
[BlackElo "2051"]
[PlyCount "100"]
[EventDate "2019.05.06"]
[EventType "tourn"]
[EventRounds "11"]
[EventCountry "TUN"]
[SourceTitle "CBM 190 Extra"]
[Source "ChessBase"]
[SourceDate "2019.07.15"]
[SourceVersion "1"]
[SourceVersionDate "2019.07.15"]
[SourceQuality "1"]

1. d4 Nf6 2. c4 e6 3. Nf3 b6 4. a3 Bb7 5. e3 Be7 6. Be2 0-0 7. 0-0 d5 8. b3 Nbd7 9. Bb2 c5 10. cxd5 Nxd5 11. dxc5 Nxc5 12. b4 Nd7 13. Nbd2 Bf6 14. Nd4 Rc8 15. Qb3 a6 16. Rfd1 Qe7 17. Bf1 g6 18. g3 b5 19. Bg2 Ba8 20. a4 bxa4 21. Rxa4 Rb8 22. Rc1 Bxd4 23. Bxd4 Rxb4 24. Rxb4 Qxb4 25. Qa2 N5f6 26. Rb1 Qe7 27. Qxa6 Bxg2 28. Kxg2 e5 29. Ba1 Qc5 30. Qc4 Rc8 31. Rc1 Qxc4 32. Rxc4 Ra8 33. Bc3 Nd5 34. Nf3 f6 35. e4 Nxc3 36. Rxc3 Ra4 37. Nd2 Rd4 38. Rc2 Kf7 39. Nb3 Rb4 40. Rc3 Ke7 41. Kf3 Rb5 42. Ke3 Kd6 43. f4 Rb8 44. Nd2 Ra8 45. Nf3 Ra4 46. Rd3+ Ke6 47. Rc3 Kd6 48. Rd3+ Ke6 49. fxe5 Nxe5 50. Nxe5 Kxe5 1/2-1/2

[Event "TUN-ch"]
[Site "Sousse"]
[Date "2019.05.08"]
[Round "3"]
[White "Jabloun, Bilel"]
[Black "Hmam, Mohamed"]
[Result "0-1"]
[WhiteElo "1945"]
[BlackElo "2051"]
[PlyCount "123"]
[EventDate "2019.05.06"]
[EventType "tourn"]
[EventRounds "11"]
[EventCountry "TUN"]
[SourceTitle "CBM 190 Extra"]
[Source "ChessBase"]
[SourceDate "2019.07.15"]
[SourceVersion "1"]
[SourceVersionDate "2019.07.15"]
[SourceQuality "1"]

1. b4 d5 2. Bb2 Bg4 3. h3 Bh5 4. g4 Bg6 5. Bg2 e6 6. c4 c6 7. cxd5 cxd5 8. Nf3 Nd7 9. h4 h5 10. g5 Ne7 11. Ne5 Nxe5 12. Bxe5 Nc6 13. Bc3 Qb6 14. Qa4 a6 15. Na3 Qa7 16. b5 axb5 17. Qxa7 Nxa7 18. Nb1 b4 19. Bb2 Nc6 20. d3 Bc5 21. Nd2 Bd4 22. Bxd4 Nxd4 23. Rc1 Kd7 24. Nb3 Nxb3 25. axb3 Ra3 26. Kd2 Rha8 27. Rb1 Ra2+ 28. Ke3 R8a6 29. Rhd1 Kd6 30. Kf3 Bf5 31. Bf1 Bg4+ 32. Ke3 e5 33. f3 d4+ 34. Kf2 Be6 35. Kg3 Rc6 36. f4 Rc3 37. Re1 e4 38. f5 Bxf5 39. Kf4 Bg6 40. dxe4 Re3 41. e5+ Rxe5 42. e4 dxe3 43. Rbd1+ Rd2 44. Bc4 b5 45. Be2 Bc2 46. Ra1 Rd4+ 47. Kg3 g6 48. Ra8 Ke7 49. Rb8 Bxb3 50. Bxb5 Rg4+ 51. Kh3 Ree4 52. Rc1 Rxh4+ 53. Kg3 Reg4+ 54. Kf3 Rh3+ 55. Ke2 Rxg5 56. Re8+ Kf6 57. Bc6 Be6 58. Be4 Re5 59. Bf3 Rxf3 60. Rxe6+ Rxe6 61. Ke1 Ke5 62. Ra1 0-1

[Event "TUN-ch"]
[Site "Sousse"]
[Date "2019.05.06"]
[Round "1"]
[White "Amdouni, Zoubaier"]
[Black "Hmam, Mohamed"]
[Result "1-0"]
[WhiteElo "2282"]
[BlackElo "2051"]
[PlyCount "99"]
[EventDate "2019.05.06"]
[EventType "tourn"]
[EventRounds "11"]
[EventCountry "TUN"]
[SourceTitle "CBM 190 Extra"]
[Source "ChessBase"]
[SourceDate "2019.07.15"]
[SourceVersion "1"]
[SourceVersionDate "2019.07.15"]
[SourceQuality "1"]

1. e4 e5 2. Bc4 Nf6 3. d3 c6 4. Nf3 d5 5. Bb3 Bd6 6. Nc3 dxe4 7. dxe4 h6 8. Be3 Na6 9. Qd2 Qe7 10. 0-0-0 Bc7 11. h3 Nc5 12. Bxc5 Qxc5 13. g4 g5 14. Ne1 Qe7 15. Ng2 Bd7 16. Qe3 Bb6 17. Qf3 a5 18. Ne3 Bd4 19. a4 Bxc3 20. bxc3 b5 21. Nf5 Bxf5 22. Qxf5 bxa4 23. Bc4 Kf8 24. Rd3 Kg7 25. Rhd1 Qa3+ 26. Kd2 Rhd8 27. h4 Rxd3+ 28. cxd3 Qe7 29. hxg5 Ng8 30. gxh6+ Nxh6 31. Qh5 Qf6 32. Ke2 Rb8 33. Rd2 Qf4 34. f3 Rh8 35. d4 Ng8 36. Qxe5+ Qxe5 37. dxe5 Rh2+ 38. Ke3 Rxd2 39. Kxd2 Ne7 40. Ke3 c5 41. f4 Ng6 42. e6 fxe6 43. Bxe6 a3 44. e5 Nf8 45. Ba2 Nd7 46. e6 Nf6 47. g5 Ne8 48. f5 Nd6 49. f6+ Kg6 50. Bb1+ 1-0

[Event "Oran zt 4.1"]
[Site "Oran"]
[Date "2019.04.29"]
[Round "6"]
[White "Hmam, Mohamed"]
[Black "Abderrahim Taleb, Mohamed"]
[Result "1/2-1/2"]
[WhiteElo "2045"]
[BlackElo "1726"]
[PlyCount "79"]
[EventDate "2019.04.25"]
[EventType "tourn"]
[EventRounds "9"]
[EventCountry "ALG"]
[SourceTitle "CBM 190 Extra"]
[Source "ChessBase"]
[SourceDate "2019.07.15"]
[SourceVersion "1"]
[SourceVersionDate "2019.07.15"]
[SourceQuality "1"]

1. b3 e5 2. Bb2 Nc6 3. e3 d5 4. Bb5 Bd6 5. f4 Qe7 6. Nf3 Bg4 7. h3 Bxf3 8. Qxf3 Nf6 9. 0-0 0-0 10. Bxc6 bxc6 11. Nc3 exf4 12. exf4 d4 13. Na4 c5 14. Rae1 Qd7 15. c3 Be7 16. Kh1 Rfe8 17. Qd3 Rad8 18. Re5 dxc3 19. Qxc3 Qxd2 20. Rfe1 Qxc3 21. Bxc3 Bd6 22. Rxe8+ Rxe8 23. Rxe8+ Nxe8 24. g3 f5 25. Kg2 Kf7 26. Kf3 Ke6 27. Ke3 c6 28. Kd3 Kd5 29. Bb2 h6 30. Nc3+ Ke6 31. Kc4 g5 32. Bc1 gxf4 33. Bxf4 Bxf4 34. gxf4 Nd6+ 35. Kxc5 Ne4+ 36. Kd4 Nxc3 37. Kxc3 Kd5 38. Kd3 Kc5 39. a3 a5 40. Kc3 1/2-1/2

[Event "TUN-chT"]
[Site "Hammamet"]
[Date "2019.03.10"]
[Round "5.3"]
[White "Taieb, Sahbi"]
[Black "Hmam, Mohamed"]
[Result "1/2-1/2"]
[WhiteElo "2101"]
[BlackElo "2020"]
[PlyCount "45"]
[EventDate "2019.02.09"]
[EventType "team-tourn"]
[EventRounds "11"]
[EventCountry "TUN"]
[SourceTitle "CBM 190 Extra"]
[Source "ChessBase"]
[SourceDate "2019.07.15"]
[SourceVersion "1"]
[SourceVersionDate "2019.07.15"]
[SourceQuality "1"]
[WhiteTeam "Ksibet Mediouni"]
[BlackTeam "Ksour"]
[WhiteTeamCountry "TUN"]
[BlackTeamCountry "TUN"]

1. c4 e5 2. Nc3 Nc6 3. e3 f5 4. g3 Nf6 5. Bg2 Bb4 6. Nge2 0-0 7. a3 Bxc3 8. Nxc3 d6 9. 0-0 Rb8 10. f4 e4 11. d3 Be6 12. dxe4 Bxc4 13. Re1 fxe4 14. Nxe4 Nxe4 15. Bxe4 d5 16. Bg2 Ne7 17. b3 Ba6 18. Bb2 Rf7 19. Qc2 Qd7 20. Rad1 Qc6 21. Qf2 Qb6 22. Rxd5 Qxb3 23. Rd7 1/2-1/2

[Event "Arab-chT op"]
[Site "Hammamet"]
[Date "2019.03.04"]
[Round "2.1"]
[White "Alrashidi, Yousef"]
[Black "Hmam, Mohamed"]
[Result "0-1"]
[WhiteElo "1548"]
[BlackElo "2020"]
[PlyCount "96"]
[EventDate "2019.03.03"]
[EventType "team-swiss"]
[EventRounds "7"]
[EventCountry "TUN"]
[SourceTitle "EXT 2024"]
[Source "ChessBase"]
[SourceDate "2023.10.10"]
[SourceVersion "1"]
[SourceVersionDate "2023.10.10"]
[SourceQuality "1"]
[WhiteTeam "Kuwait"]
[BlackTeam "Tunisia II"]
[WhiteTeamCountry "KUW"]
[BlackTeamCountry "TUN"]

1. e4 c6 2. d4 d5 3. e5 Bf5 4. Be3 e6 5. Nd2 Nd7 6. f4 Bg6 7. Ngf3 Nh6 8. h3 Nf5 9. Bf2 h5 10. Bd3 Be7 11. 0-0 Qb6 12. Nb3 a5 13. a4 Qc7 14. c3 b6 15. Qc2 Rc8 16. g4 hxg4 17. hxg4 Nh4 18. Nxh4 Bxd3 19. Qxd3 Bxh4 20. Bxh4 Rxh4 21. Qg3 Rh8 22. f5 exf5 23. Rxf5 g6 24. Rf2 Qd8 25. g5 Rh5 26. Rg2 Nf8 27. Re1 Ne6 28. Qf2 Rxg5 29. Nd2 Rxg2+ 30. Qxg2 Qg5 31. Nf3 Qf4 32. Qh3 Ke7 33. Qh4+ Qxh4 34. Nxh4 c5 35. dxc5 bxc5 36. Nf3 Rb8 37. Re2 Rh8 38. Kf2 Rh1 39. Rd2 Nc7 40. b4 axb4 41. cxb4 cxb4 42. Rb2 Na6 43. Ke3 Ra1 44. Kf4 Rxa4 45. Nd2 Nc5 46. Ke3 b3 47. Ke2 Ra2 48. Rb1 Ne4 0-1

[Event "Monastir op"]
[Site "Monastir"]
[Date "2018.09.03"]
[Round "3"]
[White "Zaibi, Amir"]
[Black "Hmam, Mohamed"]
[Result "1-0"]
[WhiteElo "2361"]
[BlackElo "2042"]
[PlyCount "57"]
[EventDate "2018.09.02"]
[EventType "swiss"]
[EventRounds "9"]
[EventCountry "TUN"]
[SourceTitle "EXT 2019"]
[Source "ChessBase"]
[SourceDate "2018.10.10"]
[SourceVersion "1"]
[SourceVersionDate "2018.10.10"]
[SourceQuality "1"]

1. e4 c6 2. d4 d5 3. e5 Bf5 4. Nf3 e6 5. Be2 h6 6. 0-0 Nd7 7. Nbd2 Ne7 8. Nb3 Nc8 9. a4 a5 10. Be3 Be7 11. Nc1 Qc7 12. Nd3 b6 13. c3 c5 14. Nf4 c4 15. b3 cxb3 16. Qxb3 0-0 17. c4 dxc4 18. Bxc4 Bb4 19. Rac1 Qb8 20. Nh4 Ne7 21. Nxf5 Nxf5 22. Nxe6 Nxe5 23. Nxf8 Ng4 24. g3 Qxf8 25. Bd5 Rd8 26. Rc7 Qd6 27. Bxf7+ Kh8 28. Bf4 Qf6 29. Qe6 1-0

[Event "Hammamet Carthage op 1st"]
[Site "Hammamet"]
[Date "2015.10.08"]
[Round "6"]
[White "Hmam, Mohamed"]
[Black "Atef, Abdel Aziz"]
[Result "1-0"]
[WhiteElo "2048"]
[BlackElo "1820"]
[PlyCount "73"]
[EventDate "2015.10.04"]
[EventType "swiss"]
[EventRounds "9"]
[EventCountry "TUN"]
[SourceTitle "CBM 168 Extra"]
[Source "ChessBase"]
[SourceDate "2015.10.29"]
[SourceVersion "1"]
[SourceVersionDate "2015.10.29"]
[SourceQuality "1"]

1. b3 Nf6 2. Bb2 d6 3. d4 c6 4. e3 d5 5. Bd3 Bg4 6. f3 Bh5 7. Ne2 Bg6 8. Nf4 Bxd3 9. Nxd3 e6 10. Nd2 Be7 11. 0-0 0-0 12. Qe2 Nbd7 13. c4 Rc8 14. e4 Qa5 15. e5 Ne8 16. c5 b6 17. b4 Qa6 18. Nb3 Nc7 19. f4 f5 20. Rfc1 Ne8 21. Qc2 Kh8 22. a4 Rg8 23. b5 cxb5 24. axb5 Qxb5 25. Rxa7 bxc5 26. dxc5 Nc7 27. Nd4 Qc4 28. Qd2 Bxc5 29. Nxc5 Qxc5 30. Rxc5 Nxc5 31. Qa5 Ne8 32. Ra8 Rxa8 33. Qxa8 Nf6 34. Qc6 Nfe4 35. Nxe6 Nd3 36. Qxd5 Nxb2 37. Qb3 1-0

[Event "TUN-chB"]
[Site "Hammamet "]
[Date "2015.06.17"]
[Round "8"]
[White "Karoui, Seif Eddine"]
[Black "Hmam, Mohamed"]
[Result "1/2-1/2"]
[WhiteElo "2048"]
[BlackElo "2036"]
[PlyCount "67"]
[EventDate "2015.06.13"]
[EventType "swiss"]
[EventRounds "9"]
[EventCountry "TUN"]
[SourceTitle "EXT 2018"]
[Source "ChessBase"]
[SourceDate "2017.10.13"]
[SourceVersion "1"]
[SourceVersionDate "2017.10.13"]
[SourceQuality "1"]

1. d4 Nf6 2. Nf3 e6 3. c4 Bb4+ 4. Nbd2 0-0 5. e3 b6 6. Be2 Bb7 7. 0-0 c5 8. Nb3 cxd4 9. exd4 Be7 10. Ne5 d6 11. Bf3 Qc7 12. Nd3 Nbd7 13. Bxb7 Qxb7 14. Bg5 Rac8 15. Rc1 Rfe8 16. Re1 h6 17. Be3 Nf8 18. Nd2 Ng6 19. f3 Red8 20. b4 d5 21. c5 b5 22. Nb3 Qb8 23. Na5 Nd7 24. Qd2 Bf6 25. f4 Nh4 26. Ne5 Bxe5 27. fxe5 Nf5 28. Bf2 Qc7 29. g4 Ne7 30. Bh4 Nf8 31. Rf1 Nfg6 32. Bg3 Nc6 33. Nxc6 Qxc6 34. Rf3 1/2-1/2

[Event "Monastir Subsidiaire op"]
[Site "Monastir"]
[Date "2014.03.25"]
[Round "3"]
[White "Hmam, Mohamed"]
[Black "Bourkhis, Adnane"]
[Result "1/2-1/2"]
[WhiteElo "2077"]
[BlackElo "1964"]
[PlyCount "47"]
[EventDate "2014.03.24"]
[EventType "swiss"]
[EventRounds "9"]
[EventCountry "TUN"]
[SourceTitle "EXT 2016"]
[Source "ChessBase"]
[SourceDate "2015.10.08"]
[SourceVersion "1"]
[SourceVersionDate "2015.10.08"]
[SourceQuality "1"]

1. d4 Nf6 2. Nf3 g6 3. c4 Bg7 4. Nc3 0-0 5. e4 d6 6. h3 Nbd7 7. Bg5 e5 8. d5 h6 9. Be3 Nc5 10. Nd2 a5 11. g4 Kh7 12. Be2 Ng8 13. Qc2 f5 14. gxf5 gxf5 15. Bxc5 dxc5 16. exf5 Kh8 17. Bd3 Ne7 18. f6 Rxf6 19. Nde4 Rf4 20. Nxc5 Nf5 21. Ne2 Rxf2 22. Kxf2 Qh4+ 23. Kf3 Qh5+ 24. Kf2 1/2-1/2

[Event "TUN selection"]
[Site "Borj Cedria"]
[Date "2014.01.16"]
[Round "7"]
[White "Hmam, Mohamed"]
[Black "Jemai, Akram"]
[Result "0-1"]
[WhiteElo "2092"]
[BlackElo "2171"]
[PlyCount "54"]
[EventDate "2014.01.11"]
[EventType "swiss"]
[EventRounds "9"]
[EventCountry "TUN"]
[SourceTitle "CBM 158 Extra"]
[Source "ChessBase"]
[SourceDate "2014.02.28"]
[SourceVersion "1"]
[SourceVersionDate "2014.02.28"]
[SourceQuality "1"]

1. d4 d5 2. Nf3 e6 3. e3 c5 4. b3 Nc6 5. Bb2 Nf6 6. Bd3 Bd6 7. 0-0 0-0 8. a3 b6 9. c4 cxd4 10. exd4 Bb7 11. Nc3 Rc8 12. Rc1 Bb8 13. Re1 Qd6 14. g3 dxc4 15. bxc4 Rfd8 16. Ne4 Nxe4 17. Bxe4 Na5 18. d5 exd5 19. cxd5 Rxc1 20. Qxc1 f6 21. Rd1 Nc6 22. Qc2 h6 23. Bf5 Ne7 24. Be6+ Kh8 25. Nh4 g5 26. Ng6+ Nxg6 27. Qxg6 Qxe6 0-1

[Event "TUN selection"]
[Site "Borj Cedria"]
[Date "2014.01.15"]
[Round "6"]
[White "Jmila, Omar"]
[Black "Hmam, Mohamed"]
[Result "1-0"]
[WhiteElo "2088"]
[BlackElo "2092"]
[PlyCount "127"]
[EventDate "2014.01.11"]
[EventType "swiss"]
[EventRounds "9"]
[EventCountry "TUN"]
[SourceTitle "CBM 158 Extra"]
[Source "ChessBase"]
[SourceDate "2014.02.28"]
[SourceVersion "1"]
[SourceVersionDate "2014.02.28"]
[SourceQuality "1"]

1. e4 c6 2. d3 d5 3. Nd2 Qc7 4. h3 Nf6 5. Ngf3 e5 6. Be2 Bd6 7. 0-0 0-0 8. c3 Re8 9. Qc2 Nbd7 10. Rd1 Nf8 11. Nf1 h6 12. Nh4 Qe7 13. Ng3 Be6 14. Be3 Ng6 15. Nhf5 Qc7 16. a4 Bf8 17. a5 Nf4 18. Bf1 g6 19. Nh4 Bg7 20. Ra4 Bd7 21. Nf3 c5 22. Ra3 Rac8 23. Qc1 d4 24. cxd4 cxd4 25. Qxc7 Rxc7 26. Nxd4 Nxh3+ 27. gxh3 exd4 28. Bxd4 Nh7 29. Bxg7 Kxg7 30. h4 Rc2 31. Rb1 Rec8 32. Rc3 Nf6 33. Rxc8 Bxc8 34. Ne2 Bg4 35. Nd4 Rc5 36. f3 Bd7 37. b4 Rc3 38. Kf2 Nh5 39. Rb2 Nf4 40. Ke3 g5 41. hxg5 hxg5 42. Kd2 Rc8 43. Ne2 Ng6 44. Rc2 Rh8 45. Rc7 Bc8 46. d4 Kf6 47. Ng3 Nf4 48. Bc4 Rh2+ 49. Kc3 Be6 50. Bxe6 fxe6 51. Rxb7 Rh3 52. e5+ Kg6 53. Ne4 Rxf3+ 54. Kc4 g4 55. Rxa7 g3 56. Ra8 Kf5 57. Nf6 Ng6 58. Ng4 Ra3 59. Nh6+ Kg5 60. Nf7+ Kf5 61. Nh8 Nf4 62. a6 g2 63. b5 Ra1 64. Kc5 1-0

[Event "TUN selection"]
[Site "Borj Cedria"]
[Date "2014.01.14"]
[Round "5"]
[White "Hmam, Mohamed"]
[Black "Meddeb, Anis"]
[Result "0-1"]
[WhiteElo "2092"]
[BlackElo "2119"]
[PlyCount "90"]
[EventDate "2014.01.11"]
[EventType "swiss"]
[EventRounds "9"]
[EventCountry "TUN"]
[SourceTitle "CBM 158 Extra"]
[Source "ChessBase"]
[SourceDate "2014.02.28"]
[SourceVersion "1"]
[SourceVersionDate "2014.02.28"]
[SourceQuality "1"]

1. Nf3 Nf6 2. g3 g6 3. Bg2 Bg7 4. 0-0 0-0 5. d4 d5 6. c4 c6 7. Nc3 Nbd7 8. b3 e6 9. Bb2 h6 10. Rc1 Ne4 11. e3 Qe7 12. Qc2 f5 13. cxd5 exd5 14. Na4 Kh7 15. a3 a5 16. Rfe1 g5 17. h4 Bf6 18. hxg5 hxg5 19. Nc5 Nexc5 20. dxc5 Bxb2 21. Qxb2 Nxc5 22. Nxg5+ Kg6 23. Nh3 Nd3 24. Nf4+ Nxf4 25. exf4 Qf6 26. Re5 Bd7 27. Rce1 Rae8 28. Qe2 Rxe5 29. fxe5 Qe6 30. f4 Rg8 31. Bf3 Kf7 32. Qh2 Ke8 33. Qh4 Qe7 34. Qxe7+ Kxe7 35. Kg2 Rh8 36. Be2 c5 37. a4 c4 38. bxc4 dxc4 39. Rb1 c3 40. Bf3 c2 41. Rc1 Bxa4 42. Kf2 b5 43. g4 fxg4 44. Be4 b4 45. Bxc2 Bxc2 0-1

[Event "TUN selection"]
[Site "Borj Cedria"]
[Date "2014.01.13"]
[Round "4"]
[White "Hmam, Mohamed"]
[Black "Taieb, Sahbi"]
[Result "1-0"]
[WhiteElo "2092"]
[BlackElo "2070"]
[PlyCount "171"]
[EventDate "2014.01.11"]
[EventType "swiss"]
[EventRounds "9"]
[EventCountry "TUN"]
[SourceTitle "CBM 158 Extra"]
[Source "ChessBase"]
[SourceDate "2014.02.28"]
[SourceVersion "1"]
[SourceVersionDate "2014.02.28"]
[SourceQuality "1"]

1. Nf3 Nf6 2. g3 g6 3. Bg2 Bg7 4. d4 d5 5. 0-0 0-0 6. b3 c5 7. Bb2 cxd4 8. Nxd4 Nc6 9. h3 Re8 10. e3 Nxd4 11. exd4 Bf5 12. g4 Be6 13. Nd2 h5 14. g5 Nh7 15. h4 Rc8 16. Rc1 Qd7 17. Qf3 b5 18. c3 Red8 19. Rfe1 Bg4 20. Qe3 Re8 21. Nf3 Bxf3 22. Qxf3 e6 23. Qd3 Qd6 24. Qd2 Nf8 25. Ra1 Rc7 26. a4 bxa4 27. Rxa4 Rec8 28. Ba3 Qb6 29. Bb4 Rxc3 30. Bxc3 Qxb3 31. Rxa7 Qxc3 32. Qxc3 Rxc3 33. Rb1 Bxd4 34. Ra8 Rc7 35. Rbb8 Bg7 36. Bf1 Rc1 37. Kg2 Rc7 38. Bb5 d4 39. Rd8 Rc5 40. Bd3 Rc7 41. Kf3 Rc3 42. Ke2 Rc7 43. Kd2 Rb7 44. Rdc8 Rb2+ 45. Bc2 Rb7 46. Kd3 Rb5 47. Kd2 Rb2 48. Ra7 Be5 49. Kc1 Rb8 50. Rc4 Rd8 51. Ba4 d3 52. Rb7 Rd4 53. Rbb4 Rxc4+ 54. Rxc4 f6 55. f4 Bd6 56. Kd2 e5 57. Rc6 Bb4+ 58. Kxd3 exf4 59. Bb3+ Kg7 60. Rxf6 Ba3 61. Rf7+ Kh8 62. Rxf4 Nd7 63. Ba2 Ne5+ 64. Ke4 Bb2 65. Kd5 Kg7 66. Ke6 Ba1 67. Re4 Nf3 68. Ra4 Nd4+ 69. Kd7 Bb2 70. Bb1 Nf3 71. Ke8 Kh7 72. Rf4 Ne5 73. Rb4 Ba1 74. Rb7+ Kh8 75. Kf8 Bd4 76. Ke8 Bf2 77. Rb5 Bd4 78. Rd5 Bb2 79. Ke7 Kh7 80. Ke6 Nf3 81. Rd7+ Bg7 82. Be4 Nxh4 83. Kf7 Nf5 84. Bxf5 gxf5 85. Rd1 Be5 86. Rh1 1-0

[Event "TUN selection"]
[Site "Borj Cedria"]
[Date "2014.01.13"]
[Round "3"]
[White "Zaibi, Amir"]
[Black "Hmam, Mohamed"]
[Result "1-0"]
[WhiteElo "2249"]
[BlackElo "2092"]
[PlyCount "75"]
[EventDate "2014.01.11"]
[EventType "swiss"]
[EventRounds "9"]
[EventCountry "TUN"]
[SourceTitle "CBM 158 Extra"]
[Source "ChessBase"]
[SourceDate "2014.02.28"]
[SourceVersion "1"]
[SourceVersionDate "2014.02.28"]
[SourceQuality "1"]

1. e4 c6 2. d4 d5 3. e5 Bf5 4. Nf3 e6 5. Be2 Bb4+ 6. c3 Be7 7. 0-0 Nd7 8. Be3 h5 9. b4 Nh6 10. b5 Bg6 11. c4 dxc4 12. bxc6 bxc6 13. Nfd2 Nf5 14. Nxc4 Nb6 15. Nc3 Qd7 16. a4 Rd8 17. Qb3 Nxc4 18. Qxc4 0-0 19. Bd3 Nxe3 20. fxe3 Bxd3 21. Qxd3 c5 22. Ne4 cxd4 23. Rad1 Qxa4 24. exd4 a5 25. Qe3 Rd7 26. Rd3 Qc4 27. Nf6+ Bxf6 28. exf6 gxf6 29. Rxf6 Rfd8 30. Qg5+ Kf8 31. Rdf3 Qxd4+ 32. Kh1 Qd1+ 33. Rf1 Qg4 34. Qxa5 Qh4 35. h3 Kg7 36. Qe5 Kg8 37. Rh6 Kf8 38. Rh8+ 1-0

[Event "Arab Cities-chT"]
[Site "Monastir"]
[Date "2013.11.02"]
[Round "7.4"]
[White "Haddad, Oussama"]
[Black "Hmam, Mohamed"]
[Result "1/2-1/2"]
[WhiteElo "2009"]
[BlackElo "2090"]
[PlyCount "109"]
[EventDate "2013.10.27"]
[EventType "team-swiss"]
[EventRounds "7"]
[EventCountry "TUN"]
[SourceTitle "EXT 2014"]
[Source "ChessBase"]
[SourceDate "2013.11.20"]
[SourceVersion "1"]
[SourceVersionDate "2013.11.20"]
[SourceQuality "1"]
[WhiteTeam "NRM"]
[BlackTeam "Menzel Temime"]
[WhiteTeamCountry "ALG"]
[BlackTeamCountry "TUN"]

1. d4 Nf6 2. c4 e6 3. Nc3 Bb4 4. e3 0-0 5. Bd3 b6 6. Nge2 Bb7 7. 0-0 c5 8. Qc2 cxd4 9. exd4 h6 10. Bf4 d5 11. Rad1 dxc4 12. Bxc4 Qc8 13. Bb3 Rd8 14. Rfe1 Nd5 15. Bg3 Na6 16. a3 Be7 17. Qd3 Nac7 18. Bc2 Nf6 19. Be5 Nce8 20. Nf4 a6 21. Bb3 Qc6 22. d5 exd5 23. Nfxd5 Bc5 24. Qg3 Nh5 25. Qf3 Nhf6 26. Bxf6 Nxf6 27. Nxf6+ Qxf6 28. Qxb7 Bxf2+ 29. Kh1 Bxe1 30. Rxe1 Qf2 31. Rg1 Rab8 32. Qf3 Qxf3 33. gxf3 Rd2 34. Rg2 Rbd8 35. Ne4 R2d3 36. Bc4 Rd1+ 37. Rg1 Rxg1+ 38. Kxg1 b5 39. Be2 f5 40. Nc5 Rd2 41. Kf2 Rxb2 42. Nxa6 Ra2 43. Nc7 Rxa3 44. Nxb5 Ra2 45. Nd4 f4 46. Kf1 Ra1+ 47. Kg2 Kf7 48. Bc4+ Kf6 49. Ne2 Ke5 50. Bd3 Rd1 51. Bb5 g5 52. Be8 Rd3 53. Bg6 Ra3 54. Kf2 Ra2 55. Be8 1/2-1/2

[Event "Arab Cities-chT"]
[Site "Monastir"]
[Date "2013.10.31"]
[Round "5.4"]
[White "Ahmed, J Majeed"]
[Black "Hmam, Mohamed"]
[Result "1/2-1/2"]
[WhiteElo "2062"]
[BlackElo "2090"]
[PlyCount "49"]
[EventDate "2013.10.27"]
[EventType "team-swiss"]
[EventRounds "7"]
[EventCountry "TUN"]
[SourceTitle "EXT 2014"]
[Source "ChessBase"]
[SourceDate "2013.11.20"]
[SourceVersion "1"]
[SourceVersionDate "2013.11.20"]
[SourceQuality "1"]
[WhiteTeam "Arbiil"]
[BlackTeam "Menzel Temime"]
[WhiteTeamCountry "ALG"]
[BlackTeamCountry "TUN"]

1. e4 c6 2. d4 d5 3. Nc3 dxe4 4. Nxe4 Nf6 5. Nxf6+ gxf6 6. c3 Bf5 7. Nf3 Nd7 8. Nh4 Be6 9. f4 Nb6 10. Bd3 Qc7 11. 0-0 0-0-0 12. f5 Bc4 13. Bf4 Qd7 14. Bxc4 Nxc4 15. Qa4 b5 16. Qb3 e5 17. fxe6 fxe6 18. a4 e5 19. axb5 cxb5 20. dxe5 fxe5 21. Bg5 Bc5+ 22. Kh1 Rdf8 23. Qc2 Qg4 24. Rf5 h6 25. Bf6 1/2-1/2